Hồ Chí Minh toàn tập T.5 1/1948 - 12/1950
Gồm những bài viết và nói của Chủ tịch Hồ Chí Minh từ tháng 1. 1948 đến 12.1950 về quân sự kinh tế, chính trị... nước ta trong giai đoạn chống Pháp quyết liệt
Сохранить в:
| Главный автор: | |
|---|---|
| Формат: | |
| Язык: | Vietnamese |
| Опубликовано: |
H.
Sự Thật
1985
|
| Предметы: | |
| Метки: |
Добавить метку
Нет меток, Требуется 1-ая метка записи!
|
| Thư viện lưu trữ: | Mạng thư viện Đại học Đà Nẵng |
|---|
| LEADER | 01620nam a22004098a 4500 | ||
|---|---|---|---|
| 001 | 000007420 | ||
| 003 | 3582 | ||
| 005 | 20111003141047.0 | ||
| 008 | 111003s1985 b 000 0 vieod | ||
| 020 | |c 28đ |d 25120b | ||
| 041 | 0 | |a vie | |
| 082 | |a 335.501 |b HÔ-M | ||
| 084 | |a A17 |b H450C | ||
| 100 | 1 | |a Hồ Chí Minh | |
| 245 | 1 | 0 | |a Hồ Chí Minh toàn tập |c Hồ Chí Minh |n T.5 |p 1/1948 - 12/1950 |
| 260 | |a H. |b Sự Thật |c 1985 | ||
| 300 | |a 352tr : ảnh chân dung, bản đồ |c 19cm | ||
| 500 | |a ĐTTS ghi: Viện Mác Lê nin. Trực thuộc Ban chấp hành Trung ương Đảng Cộng sản Việt Nam | ||
| 505 | |a T.5: 1/1948 - 12/1950 | ||
| 520 | |a Gồm những bài viết và nói của Chủ tịch Hồ Chí Minh từ tháng 1. 1948 đến 12.1950 về quân sự kinh tế, chính trị... nước ta trong giai đoạn chống Pháp quyết liệt | ||
| 653 | |a toàn tập | ||
| 653 | |a Lịch sử hiện đại | ||
| 653 | |a Việt nam | ||
| 653 | |a kháng chiến chống Pháp | ||
| 653 | |a Hồ Chí Minh | ||
| 773 | |t Hồ Chí Minh toàn tập 1948 - 1950 |w 3584 | ||
| 910 | |a Nguyễn Thị Kim Oanh |d 03/10/2011 | ||
| OWN | |a LSP | ||
| AVA | |a UDN50 |b LSP |d 335.501 HÔ-M |e available |t Error 5001 Not defined in file expand_doc_bib_avail. |f 5 |g 1 |h N |i 0 |k 1 | ||
| 999 | |a From the UDN01 | ||
| AVA | |a UDN50 |b LSP |d 335.501 HÔ-M |e available |t Error 5001 Not defined in file expand_doc_bib_avail. |f 5 |g 1 |h N |i 0 |k 1 | ||
| TYP | |a Monograph | ||
| TYP | |a Printed language | ||
| 980 | |a Mạng thư viện Đại học Đà Nẵng | ||